|
|
|
|
| LEADER |
00000cam a2200000 7i4500 |
| 001 |
0000026721 |
| 005 |
20160330.0 |
| 008 |
090722 |
| 020 |
|
|
|a 068980444X
|
| 090 |
0 |
0 |
|a VOI
|b ENG
|
| 100 |
1 |
|
|a Voigt, Cynthia
|
| 245 |
1 |
4 |
|a Come a stranger
|c Cynthia Voigt
|
| 260 |
|
|
|a New York :
|b Simon Pulse ,
|c 1986
|
| 500 |
|
|
|a Teenager ages 13-18 years old (blue)
|
| 650 |
|
0 |
|a African American
|x fiction
|
| 650 |
|
0 |
|a Clergy
|x Fiction
|
| 999 |
|
|
|a 0001056900
|b Book
|c Teenagers
|e Cawangan Bandar Tenggara
|
| 999 |
|
|
|a 0001057735
|b Book
|c Teenagers
|e Cawangan Tangkak
|
| 999 |
|
|
|a 0001057736
|b Book
|c Teenagers
|e Cawangan Pontian
|
| 999 |
|
|
|a 0001057737
|b Book
|c Teenagers
|e Cawangan Bandar Tenggara
|